It looks like you're offline.
Open Library logo
additional options menu

MARC record from Internet Archive

LEADER: 00842cam 2200277 a 4500
001 0116401266790
008 900713s1990 enk b 00100 eng u
010 $a 90043438
020 $a0860919196 (pbk.)
020 $z0860912027
035 $a(Sirsi) ABJ-6936
035 $aA913686$fcc
040 $aOPET$beng
041 1 $aeng$hspa
050 00 $aHX550.R48$bL33 1990
082 00 $a321.09/4
090 $aHX 550 .R48 L33 1990$bb
100 1 $aLaclau, Ernesto.
245 10 $aNew reflections on the revolution of our time /$bErnesto Laclau.
260 $aLondon ;$aNew York :$bVerso,$c1990.
300 $axvi, 263 p. ;$c24 cm.
490 10 $aPhronesis
500 $aTranslations by Jon Barnes and others.
504 $aIncludes bibliographical references and index.
650 0 $aRevolutions and socialism.
830 0 $aPhronesis (London, England)